Every item asylum item - Statistics

General Stats
  • This quiz has been taken 31 times
  • The average score is 59 of 476
Answer Stats
Hint Answer % Correct
ax axe
63%
bo bobm
63%
ai air
58%
cr Cross
53%
fi fish
53%
ju judge
53%
th the world
53%
ba bat
47%
sm smile
47%
10 10 hour burst
42%
9m 9mm
42%
al allusions
42%
co couch
42%
eg ego
42%
sm emperor
42%
fi fire axe
42%
fr fr???
42%
ha Hales strength
42%
la lamp
42%
sc Scissors
42%
sh shadow the world
42%
st star platinum
42%
th the men
42%
A_ A gun with one bullet
37%
aw Awp
37%
ba banhammer
37%
bi birch tree
37%
bo bottle
37%
ga Garcia's shotgun
37%
ju judgement
37%
m1 m1911
37%
st stick
37%
ta table
37%
th the man
37%
za zapper
37%
ap aple
32%
bo Bobm on a stick
32%
bo bow
32%
br broom
32%
ce cero
32%
ch chair
32%
ch chicago
32%
da da capo
32%
du dunk
32%
ea easy lover
32%
mi mimicry
32%
no noob tube
32%
pi pixel gun
32%
pi pixel rifle
32%
th the man in a bag
32%
th the men on a leash
32%
ts tsar bobm
32%
ul Ultra instinct
32%
ap apc
26%
ch chezburger
26%
ch chinalake
26%
ci cinderblock
26%
cr crescendo
26%
de death note
26%
eb ebony and ivory
26%
en end
26%
fi fili dash
26%
fi fili orbs
26%
fo Fortnite card
26%
li lilynette
26%
ma Mad noob's shotgun
26%
ma master spark
26%
mo moscow
26%
pa painted sword
26%
po pool noodle
26%
re real knife
26%
sc scythe
26%
sh shadow axe
26%
si simons book
26%
sk skeleton juice
26%
th the man on a leash
26%
th Theres a bird on his head
26%
tr train
26%
va vampirism
26%
ar arrow
21%
ar arson
21%
as Ashura senku
21%
as assailant
21%
as asteroid
21%
ba bat sword
21%
bi bible
21%
br brimstone
21%
cl cloud in a bottle
21%
co comically large fork
21%
co comically large knife
21%
co comically large spoon
21%
de deployable chicken
21%
fl flag post
21%
gr grenade
21%
ho honeybun
21%
id Idaho
21%
ip ipod
21%
je jeffthekillermain
21%
ka kanabo
21%
le leap
21%
lu lute
21%
mi milk
21%
mi misery
21%
mo moon
21%
sc scroll
21%
to torch
21%
vi virtuoso
21%
yo yo mama
21%
yo yoru
21%
5_ 5 star edward newgate
16%
ai airpod shotty
16%
ap apparition
16%
ar armstrong style
16%
a_ a singular punch
16%
ba backhand slap
16%
be belt
16%
bl blaster
16%
bo bonk
16%
bo borrow
16%
bo bossraid
16%
br brass monkey
16%
ca cane
16%
ca cassiebucks coffee
16%
ch chaos saber
16%
ch christmas
16%
co consumable port
16%
cr cross pendant
16%
cr crucible
16%
di distressed red ball
16%
do doorbell
16%
dr Dragon deagle
16%
es esto es el fin
16%
ey eyelander
16%
fa fantasy seal
16%
ge gender reveal
16%
go golf club
16%
gr grand volley
16%
gr granola bar
16%
ho honk
16%
ho hot rod rider
16%
ho hound
16%
in infinite wellfare
16%
jo joy
16%
ju juice that makes your head explode
16%
ju justitia
16%
ke keyblade
16%
la lawnmower on a stick
16%
li linked sword
16%
lo lovestruck
16%
ma mad murderer
16%
ma marketable port
16%
me meteor
16%
mi miami
16%
mi Michael p
16%
mi micro smg
16%
mi mine
16%
pa parasol
16%
pi pirate sidearm
16%
pl plan
16%
po pow block
16%
pr pro golf
16%
ra radio
16%
re realistic mp5
16%
ru ruler
16%
ru runners glove
16%
sh shopping cart
16%
sm small pebble
16%
so solemn lament
16%
so soul
16%
ss ssg 08
16%
st stomp
16%
su sun on a stick
16%
su sunshine in a bag
16%
ta tanto
16%
th the soy
16%
un uncertified tenderizer
16%
vu vuvuzula
16%
za zaihop
16%
am america
11%
ap appetizer
11%
au audacity
11%
ba baby
11%
ba banana
11%
bi big rock
11%
bo board with nail
11%
ca Car that doesn't work
11%
ch Chirumiru
11%
cr croccy friend
11%
cr crowbar
11%
cu cubic essence
11%
da darkheart
11%
da dataminer
11%
di diamond tester
11%
do doom chainsaw
11%
dv DVD logo
11%
ea earth tome
11%
en energy drink
11%
en energy sword
11%
et etymology
11%
fi fire force
11%
fo footbal
11%
fo Fox devil
11%
fr Franklin badge
11%
fr frog on a leash
11%
gr grasshoar
11%
he heavy sword
11%
he hero blade
11%
hi hitman
11%
ho holy hand grenade
11%
hs hs 010
11%
ic icecream treat
11%
in intervention
11%
kn knuckleblaster
11%
le legion kata
11%
li Lightning harp crossbow
11%
lo loadsamoney
11%
lo london
11%
ma magnum
11%
ma Maxwell the carryable cat
11%
ni Nichirin sword
11%
ni night reaper
11%
nu nut
11%
pa pants
11%
po posers katana
11%
pu puffergun
11%
pu purity
11%
re rebar
11%
re re roll dice
11%
ro Roomba
11%
ru rusted coin scythe
11%
sc scimitar
11%
sh shade
11%
sh shotgun
11%
sm small sword
11%
sp speed
11%
sp spider stilts
11%
sp spy
11%
st starlight
11%
st stick horse
11%
su super jump punch
11%
su super shotgun
11%
su Suppressed mac-10
11%
su suppressed pistol
11%
ta Tactical fighting technique
11%
te Teamtrees
11%
th the dang
11%
ti Tiger drop
11%
tr travvy patty
11%
tv tv salesman
11%
up uppercut
11%
va vampire knives
11%
wa wallaces hammer
11%
wi wish vest
11%
wr wright
11%
ya yamato
11%
yo You need to be like me
11%
yo your eternal reward
11%
ze zenith
11%
ab abyssal scream
5%
ai Airpod aa12
5%
am amogus
5%
am amulet of the white king
5%
ap apc launcher
5%
ba backup plan
5%
b. blackhole raygun
5%
bl blj
5%
br breadclip
5%
br bridge
5%
bu bucket of studs
5%
bu Built different
5%
bu buster sword
5%
ca cantaloupe
5%
ca Cardboard cutout floppa
5%
ce Cero metralleta
5%
cl cleave
5%
co Combat dummy summoner
5%
co Comedic banana peel
5%
co Content Deleted
5%
cu cultists sword
5%
da daratango influence
5%
de dead
5%
de deployable joel
5%
de deployable scp096
5%
di Dion noodle
5%
di distraction
5%
do donkey jawbone
5%
dr dragon slayer
5%
dr Dr pepper
5%
dw dwarfer
5%
ey eyepatch
5%
fi fili slash
5%
fi fission
5%
fl flashbang
5%
fl Flying guillotine
5%
fr freeze ray
5%
fr freezing point
5%
fr frightenedsheep
5%
fu fujin
5%
ge GET OUT OF MY HEAD
5%
gi gigachad fists
5%
go goblet
5%
gr grand javelin
5%
he heart to heart
5%
he hellgate
5%
ho hook kick
5%
in instant death
5%
ja jailbird
5%
kn knuckle samwitch
5%
kr krellis
5%
ku kuno
5%
la ladder
5%
lu lucille
5%
ma macrowave
5%
ma mad handgun
5%
ma mad sheriff
5%
ma makarov
5%
ma mango on a fork
5%
ma masamune
5%
mp moonwalker
5%
no nokia
5%
pa pact
5%
pe pegasus boots
5%
pi pineapple
5%
pi pinger
5%
pi pipe
5%
pi pizza rolls
5%
po polish meal
5%
po popeyes biscuit
5%
pr presidential key
5%
ps psi forgive
5%
ps psychic attac
5%
ra random rumble
5%
ra ranga workshop
5%
ra ranger essence
5%
re retro essence
5%
ri rip n tear
5%
ru rukiryaxe
5%
sa salamander
5%
se secare
5%
sh shadow clones
5%
sh shine
5%
si silly gas
5%
sm smoke grenade
5%
sn snap
5%
sn sneakers
5%
sp spear
5%
sp SpongeBob popsicle
5%
st stat editor
5%
st stop sign
5%
st stroller
5%
st strong left
5%
su sugarcoat
5%
ta taser
5%
th the button
5%
th the kapi
5%
th the treehouse
5%
tr trench shotgun
5%
tu turtle
5%
un uncle dane
5%
un unrelenting force
5%
un Unstoppable train
5%
wa wake up
5%
wa wand
5%
wa warp
5%
wh what is the rock cooking
5%
ye yeetable port
5%
ac acereus
0%
al all expenses paid free island getaway brochure
0%
an anvil and propane
0%
as Asylum treasury key
0%
bo body pillow
0%
bo Bound shrieker
0%
bo bowel of delectable food
0%
br british bazooka
0%
ca Californian friday
0%
ca Camera
0%
ca Canadian riot
0%
ch Chara's knife
0%
ch choccy milk
0%
co Comically large pool noodle
0%
co company weapon
0%
co contracter judgement
0%
co Cool ice sowrd thing
0%
co copper wire wrapped rock
0%
cr Crackedlander
0%
cr crossbow
0%
Cross Pendant Items
0%
de Deepshore fossil
0%
de Defibrillators
0%
di dimmadagger
0%
di dinner blaster
0%
do doll hunter
0%
fa fake knife
0%
fo Force a hundred nature
0%
Fortnite card exclusive
0%
fu fumo
0%
ge Gear 5 barrage
0%
go golden knife
0%
go Golem summoner
0%
go go mining
0%
gr Grumman f-14 tomcat fighter jet
0%
gu gummy bear
0%
gu gun with more bullets
0%
ha hamonic blade
0%
ha hands of fire
0%
ha harmonica
0%
ha Hat of discipline
0%
he head bomb
0%
ho holy mantle
0%
ho house jumpscare
0%
hy hyperlaser
0%
in Invisibility debug
0%
ja jackson
0%
JGN items
0%
jo joy mutant
0%
ke kentuckey
0%
ki killer fish from san deigo
0%
ki king tusks
0%
ka kogatana
0%
le leap of faith
0%
le Legacy allusions
0%
le Legacy bat sword
0%
le legacy crowbar
0%
le legacy fumo
0%
le legacy keyblade
0%
le legacy posers katana
0%
le lethal shotgun
0%
lu lucky arrow
0%
ma marksman revolver
0%
me medkit
0%
me megaphone
0%
Miscs
0%
mo moyal
0%
my Mysterious orange elixir
0%
na name tag
0%
na nap gummies
0%
ol old speakers
0%
pe pearls scythe
0%
ph phish button
0%
pi pibble
0%
pm pm9 evil gun
0%
po Portable dont touch me
0%
pr protest
0%
Ranged
0%
ra Raygun
0%
re rebellion
0%
re Registered hypercam 2
0%
ri Rigged and textured blender brick
0%
ro romania
0%
ro roulette shotgun
0%
rp rpg
0%
sa sad moyai
0%
sc scales of horror
0%
sc Scrumptious beverage
0%
si silly guitar
0%
sk skateboard
0%
sl slungus meteor
0%
sl slungus pet
0%
so source 2
0%
sp spinbot
0%
Stands
0%
su super scuffle
0%
su supreme brick
0%
su sussy beverage
0%
sw switchblade
0%
th the sink
0%
th throwing dart
0%
tr trowel
0%
un Unregistered hypercam 2
0%
un Untextured unrigged blender brick
0%
Upgraded
0%
va Vaulted star platinum
0%
vi vinland daggers
0%
VIP items
0%
wa watermelon cooler
0%
wi witches brew
0%
No matching quizzes found
Score Distribution
Percent of People with Each Score
Percentile by Number Answered
Your Score History
You have not taken this quiz